000 00932nas a2200313 4500
001 BR0300675
003 BR-BrBNA
005 20231205103552.0
007 ta
008 230509b bl.|||p| |||| 00| 00por d
040 _aBR-BrBNA
_bpor
_cBiblioteca Nacional de Agricultura
041 _a(Pt)
072 _aF02
100 1 _aSchmitz, J.A.K.
100 1 _aSouza, P.V.D. de
100 1 _aKämpf, A.N.
245 1 _aPropriedades químicas e físicas de substratos de origem mineral e orgânica para o cultivo de mudas em recipientes
650 _aMUDA
650 _aFRUTA
650 _aSUBSTRATO DE CULTURA
650 _aTURFA
650 _aCASCA DE ARROZ
650 _aCASCA
650 _aACÁCIA
650 _aPROPRIEDADE FÍSICO-QUÍMICA
773 0 _tCiência Rural (Brazil)
_xISSN 0103-8478
_g(Nov-Dec 2002), v. 32(6) p. 937-944
_wBR0300675
909 _a202311
_bLúcia
_c55
_dLúcia Elande
942 _2AGRIS
_n0
_cANA
999 _c173561
_d173561